| 000 | 01099nam a22003377a 4500 | ||
|---|---|---|---|
| 003 | CHAP | ||
| 005 | 20220329143229.0 | ||
| 008 | 070507d2006 mx r 00110 spa d | ||
| 010 | _a93623 | ||
| 011 | _a94595 | ||
| 035 | _a105190 | ||
| 040 | _cCHAP | ||
| 090 | _aTesis | ||
| 100 | 1 |
_aPérez Rodríguez, Gloria Luisa. _989983 |
|
| 245 | 1 | 0 |
_aArboles útiles del Totonacapan _c/por Gloria Luisa Pérez Rodríguez |
| 260 |
_aXalapa, Ver. : _bEl autor, _c2006. |
||
| 300 |
_a133 h. : _bilus. |
||
| 502 | _aTesis (Ing. Agr.) - - Universidad Veracruzana. Facultad de Ciencias Agrícolas | ||
| 590 |
_aALEPH _b10 _c20130110 _lUCH01 _h1518 |
||
| 590 |
_aBATCH-UPD _b10 _c20130110 _lUCH01 _h0608 |
||
| 590 |
_aBATCH-UPD _b10 _c20130410 _lUCH01 _h0250 |
||
| 590 |
_aBATCH-UPD _b10 _c20130914 _lUCH01 _h0629 |
||
| 590 |
_aCONVERSION _b10 _c20130109 _lUCH01 _h1352 |
||
| 650 | 1 | 4 |
_aÁrboles _xVeracruz. _96657 |
| 650 | 1 | 4 |
_aBiodiversidad. _912724 |
| 650 | 1 | 4 |
_aSilvicultura sustentable. _9106136 |
| 901 | _aBK | ||
| 905 | _aLilia | ||
| 942 | _cTESIS | ||
| 949 |
_aTesis _bBC _cTES _d33724002029025 _eTS1 _i105190 _sb |
||
| 999 |
_c93623 _d93623 |
||